Statistics for Countries Wu-Tang Clan has Visited

Click here to take the quiz!

General Stats

  • This quiz has been taken 11 times
  • The average score is 33 of 36

Answer Stats

ContinentCountry% Correct
South AmericaArgentina
100%
OceaniaAustralia
100%
EuropeAustria
100%
South AmericaBrazil
100%
North AmericaCanada
100%
EuropeFinland
100%
EuropeFrance
100%
EuropeGermany
100%
EuropeItaly
100%
North AmericaMexico
100%
OceaniaNew Zealand
100%
EuropeNorway
100%
EuropePortugal
100%
Asia/ EuropeRussia
100%
EuropeSweden
100%
EuropeUnited Kingdom
100%
North AmericaUnited States of America
100%
EuropeBelgium
91%
South AmericaChile
91%
EuropeCzech Republic
91%
EuropeDenmark
91%
EuropeGreece
91%
EuropeIreland
91%
EuropeLuxembourg
91%
EuropeNetherlands
91%
EuropePoland
91%
EuropeSlovakia
91%
EuropeSpain
91%
EuropeSwitzerland
91%
EuropeBulgaria
82%
EuropeCroatia
82%
EuropeHungary
82%
EuropeRomania
82%
AsiaIsrael
73%
AsiaMalaysia
73%
EuropeSerbia
73%

Score Distribution

Percentile by Number Answered

Percent of People with Each Score

Your Score History

You have not taken this quiz